Para leer una cristología elemental: del aula a la comunidad de fe
Gardado en:
| Main Authors: | , |
|---|---|
| Formato: | Libro |
| Idioma: | Lingua castelá |
| Publicado: |
Pamplona
Verbo Divino
1994
|
| Edición: | 6a. ed |
| Subjects: | |
| Tags: |
Engadir etiqueta
Sen Etiquetas, Sexa o primeiro en etiquetar este rexistro!
|
MARC
| LEADER | 00000nam a2200000 a 4500 | ||
|---|---|---|---|
| 001 | UCK1870 | ||
| 003 | CL-VaPUC | ||
| 008 | 041210e19940000SP |||||||||||||||||spa|d | ||
| 020 | |a 847151463X | ||
| 082 | 0 | 4 | |a 232 |b CAL |2 21 |
| 100 | 0 | |a Calvo Cortés, Angel |e author |9 489729 | |
| 700 | 0 | |a Ruiz Díaz Alberto |e author |9 489730 | |
| 245 | 1 | 0 | |a Para leer una cristología elemental: del aula a la comunidad de fe |
| 250 | |a 6a. ed | ||
| 300 | |a 213 p | ||
| 942 | |c BK | ||
| 945 | |d 20041210 00:00:00 |a vberengu | ||
| 260 | |a Pamplona |b Verbo Divino |c 1994 | ||
| 650 | 0 | |a Cristología |9 315091 | |
| 650 | 0 | |a Educación religiosa |9 308312 | |
| 650 | 0 | |a Teología cristiana |9 308336 | |
| 583 | |a last modification |c 20130402 09:15:58 |k Rodrigo Vera | ||
| 999 | |c 311641 |d 311639 | ||
| 952 | |0 0 |1 0 |4 0 |6 232_000000000000000_CAL_1994 |7 0 |8 A |9 381161 |a BIBTEO |b BIBTEO |d 2019-11-21 |i 4084810 |o 232 CAL 1994 |p 4084810 |r 2025-01-17 |w 2019-11-21 |y BK |k ICR | ||